50 största städerna i Norden på en tom karta - Statistics

General Stats
  • This quiz has been taken 23 times
  • The average score is 31 of 50
Answers on the Map
Answers color-coded by a green-red scale on the quiz's map according to % correct below.
 
Answer Stats
stad befolkning % Correct
Malmö 351 749
100%
Stockholm 978 770
100%
Bergen 286 930
94%
Göteborg 587 549
94%
Jönköping 143 579
94%
Oslo 699 827
94%
Uppsala 237 596
94%
Helsingfors 658 457
88%
Karlstad 95 408
88%
Linköping 165 527
88%
Örebro 156 987
88%
Umeå 130 997
88%
Åbo 195 137
82%
Köpenhamn 644 431
82%
Norrköping 144 458
82%
Tammerfors 244 223
82%
Århus 282 910
76%
Helsingborg 150 109
76%
Lund 127 376
76%
Sundsvall 99,383
76%
Trondheim 210 496
76%
Växjö 95 995
76%
Aalborg 119 219
71%
Gävle 103 136
71%
Odense 180 760
71%
Södertälje 101 209
71%
Stavanger 144 699
71%
Västerås 156 838
71%
Reykjavík 134 602
65%
Uleåborg 209 551
65%
Borås 114 091
59%
Halmstad 104 573
59%
Drammen 102 273
53%
Eskilstuna 107 593
53%
Jyväskylä 144 473
53%
Kristiansand 113 737
47%
Kristianstad 86 641
47%
Lahtis 120 027
47%
Esbo 297 132
41%
Kuopio 121 543
35%
Solna 84 187
29%
Vanda 239 206
29%
Huddinge 113 951
18%
Nacka 108 234
18%
Botkyrka 95 318
12%
Haninge 95 658
12%
Bærum 128 982
6%
Lillestrom 89 095
6%
Asker 96 088
0%
Kungsbacka 85 301
0%
No matching quizzes found
Score Distribution
Percent of People with Each Score
Percentile by Number Answered
Your Score History
You have not taken this quiz